[Event "La Florida CALF op"]
[Site "La Florida"]
[Date "2003.10.18"]
[Round "4.7"]
[White "Torres, Gonzalo"]
[Black "Cortes, Alejandro"]
[Result "1-0"]
[WhiteElo "1901"]
[BlackElo "1981"]
[PlyCount "86"]
[EventDate "2003.09.27"]
[EventType "swiss"]
[EventRounds "6"]
[EventCountry "CHI"]
[SourceTitle "CBM 097 Extra"]
[Source "ChessBase"]
[SourceDate "2004.01.13"]
[SourceVersion "1"]
[SourceVersionDate "2004.01.13"]
[SourceQuality "1"]

1. e4 c5 2. Nf3 d6 3. d4 cxd4 4. Nxd4 Nf6 5. Nc3 Nc6 6. f3 e5 7. Ndb5 a6 8. Na3 b5 9. Nd5 Nxd5 10. Qxd5 Qb6 11. Qd3 Be6 12. Be3 Qb7 13. c3 Be7 14. Be2 0-0 15. 0-0 Rad8 16. Rfd1 f5 17. Qc2 f4 18. Bf2 Rd7 19. Nb1 Rfd8 20. Bd3 Rc7 21. Qe2 Na5 22. b3 Rdc8 23. Qb2 g5 24. Be2 h5 25. h3 Qc6 26. Qa3 Nb7 27. Nd2 a5 28. c4 b4 29. Qb2 Qd7 30. c5 Nxc5 31. Nc4 Bxc4 32. Bxc4+ Kg7 33. Rd5 g4 34. Bxc5 Rxc5 35. Rd3 gxh3 36. Qf2 hxg2 37. Qxg2+ Kh7 38. Kh2 Bh4 39. Rad1 R8c6 40. Qg8+ Kh6 41. Qf8+ Qg7 42. Rxd6+ Rxd6 43. Rxd6+ Kh7 1-0

[Event "La Florida CALF op"]
[Site "La Florida"]
[Date "2003.10.04"]
[Round "2.3"]
[White "Labra Carreno, Martin"]
[Black "Cortes, Alejandro"]
[Result "1-0"]
[WhiteElo "2160"]
[BlackElo "1981"]
[PlyCount "55"]
[EventDate "2003.09.27"]
[EventType "swiss"]
[EventRounds "6"]
[EventCountry "CHI"]
[SourceTitle "CBM 097 Extra"]
[Source "ChessBase"]
[SourceDate "2004.01.13"]
[SourceVersion "1"]
[SourceVersionDate "2004.01.13"]
[SourceQuality "1"]

1. d4 d5 2. c4 e6 3. Nc3 Nf6 4. Nf3 Be7 5. Bf4 0-0 6. e3 c6 7. h3 Nbd7 8. Qc2 dxc4 9. Bxc4 Nd5 10. Bg3 N7b6 11. Bd3 h6 12. a3 Bd6 13. Bxd6 Qxd6 14. 0-0 Nxc3 15. bxc3 Bd7 16. c4 c5 17. Rfb1 Bc6 18. Nd2 Nd7 19. Ne4 Qe7 20. Qb2 f5 21. Nc3 Nf6 22. Ne2 b6 23. Nf4 Qf7 24. d5 exd5 25. Bxf5 Qb7 26. Be6+ Kh7 27. Qc2+ Ne4 28. Nxd5 1-0

[Event "La Florida CALF op"]
[Site "La Florida"]
[Date "2003.09.27"]
[Round "1.8"]
[White "Cortes, Alejandro"]
[Black "Tossi Saavedra, Rodrigo Andres"]
[Result "1-0"]
[WhiteElo "1981"]
[BlackElo "1667"]
[PlyCount "71"]
[EventDate "2003.09.27"]
[EventType "swiss"]
[EventRounds "6"]
[EventCountry "CHI"]
[SourceTitle "CBM 097 Extra"]
[Source "ChessBase"]
[SourceDate "2004.01.13"]
[SourceVersion "1"]
[SourceVersionDate "2004.01.13"]
[SourceQuality "1"]

1. d4 Nf6 2. c4 g6 3. Nc3 d6 4. e4 Bg7 5. Nf3 0-0 6. Be2 e5 7. d5 a5 8. 0-0 Na6 9. Bg5 Nc5 10. Nd2 Bd7 11. a3 Qe8 12. Qc2 h6 13. Be3 Ng4 14. Bxc5 dxc5 15. h3 Nf6 16. Nb3 b6 17. Rad1 a4 18. Nc1 Rd8 19. d6 c6 20. Nxa4 Rb8 21. Nc3 Qc8 22. b4 Nh7 23. bxc5 bxc5 24. Nb3 f5 25. Nxc5 Ng5 26. Nxd7 Qxd7 27. c5 Kh7 28. Rb1 Rbe8 29. Rb6 Ne6 30. Na4 Nd4 31. Qd3 Nxe2+ 32. Qxe2 Rb8 33. Rxb8 Rxb8 34. Nb6 Rxb6 35. cxb6 Qxd6 36. b7 1-0